000 00656nam a2200205 a 4500
001 000019189
005 20210505111054.0
008 100528s2006 pr 000 p spa d
020 _a9993432065
040 _aDO-SdBNP
_bspa
_cBNPHU
082 _aPR861.5
_bM971v
100 1 _aMuñoz Miranda, Gerardo,
_d1966 -
_925494
245 1 0 _aVersos del alma / Gerardo Muños Miranda.
260 _aPuerto Rico :
_bPublisa Editorial,
_c2006.
300 _a102 p. ;
_c22 cm.
500 _aIncluye datos biográficos del autor en la solapa de la portada.
650 4 _aPoesía puertorriqueña
_91015
650 0 _aLiteratura puertorriqueña
_941299
049 _aBNGR
999 _c18707
_d18707